Phonetic Alphabet NATO - Statistics

General Stats
  • This quiz has been taken 104 times
  • The average score is 19 of 26
Answer Stats
Hint Answer % Correct
A Alpha
96%
C Charlie
93%
D Delta
93%
F Foxtrot
91%
B Bravo
88%
E Echo
86%
I India
79%
H Hotel
77%
T Tango
75%
Z Zulu
75%
G Golf
72%
K Kilo
72%
L Lima
72%
X X-ray
72%
R Romeo
70%
Y Yankee
67%
P Papa
65%
O Oscar
63%
Q Quebec
63%
V Victor
63%
S Sierra
61%
U Uniform
61%
M Mike
60%
W Whiskey
58%
N November
53%
J Juliett
42%
No matching quizzes found
Score Distribution
Percent of People with Each Score
Percentile by Number Answered
Your Score History
You have not taken this quiz